<?xml version="1.0" encoding="UTF-8"?>
<record
    xmlns:xsi="http://www.w3.org/2001/XMLSchema-instance"
    xsi:schemaLocation="http://www.loc.gov/MARC21/slim http://www.loc.gov/standards/marcxml/schema/MARC21slim.xsd"
    xmlns="http://www.loc.gov/MARC21/slim">

  <leader>01143nam a22002177a 4500</leader>
  <datafield tag="999" ind1=" " ind2=" ">
    <subfield code="c">58958</subfield>
    <subfield code="d">58958</subfield>
  </datafield>
  <controlfield tag="003">Ge_BSU</controlfield>
  <controlfield tag="005">20221024153944.0</controlfield>
  <controlfield tag="008">221024s2006    ge ||||| |||| 00| 0 geo d</controlfield>
  <datafield tag="020" ind1=" " ind2=" ">
    <subfield code="a">9994087142</subfield>
  </datafield>
  <datafield tag="041" ind1=" " ind2=" ">
    <subfield code="a">geo</subfield>
  </datafield>
  <datafield tag="080" ind1=" " ind2=" ">
    <subfield code="a">341.217(4)(042.4) &#x10D9;-24</subfield>
  </datafield>
  <datafield tag="100" ind1=" " ind2=" ">
    <subfield code="a">&#x10D9;&#x10D0;&#x10DE;&#x10D0;&#x10DC;&#x10D0;&#x10EB;&#x10D4;, &#x10E1;&#x10D4;&#x10E0;&#x10D2;&#x10D8;</subfield>
    <subfield code="9">15493</subfield>
  </datafield>
  <datafield tag="245" ind1=" " ind2=" ">
    <subfield code="a">&#x10D4;&#x10D5;&#x10E0;&#x10DD;&#x10D9;&#x10D0;&#x10D5;&#x10E8;&#x10D8;&#x10E0;&#x10D8;&#x10E1; &#x10DE;&#x10DD;&#x10DA;&#x10D8;&#x10E2;&#x10D8;&#x10D9;&#x10D0; :</subfield>
    <subfield code="b">&#x10E1;&#x10D0;&#x10DA;&#x10D4;&#x10E5;&#x10EA;&#x10D8;&#x10DD; &#x10D9;&#x10E3;&#x10E0;&#x10E1;&#x10D8; &#x10E1;&#x10DD;&#x10EA;&#x10D8;&#x10D0;&#x10DA;. &#x10DB;&#x10D4;&#x10EA;&#x10DC;. &#x10DB;&#x10D0;&#x10D2;&#x10D8;&#x10E1;&#x10E2;&#x10E0;&#x10D0;&#x10E2;&#x10E3;&#x10E0;&#x10D8;&#x10E1;&#x10D0;&#x10D7;&#x10D5;&#x10D8;&#x10E1; /</subfield>
    <subfield code="c"> &#x10E1;&#x10D4;&#x10E0;&#x10D2;&#x10D8; &#x10D9;&#x10D0;&#x10DE;&#x10D0;&#x10DC;&#x10D0;&#x10EB;&#x10D4; ; [&#x10DB;&#x10D7;. &#x10E0;&#x10D4;&#x10D3;.: &#x10DB;&#x10D0;&#x10E0;&#x10D8;&#x10DC;&#x10D4; &#x10E9;&#x10D8;&#x10E2;&#x10D0;&#x10E8;&#x10D5;&#x10D8;&#x10DA;&#x10D8;, &#x10D4;&#x10DC;&#x10DD;&#x10D1;&#x10E0;. &#x10E0;&#x10D4;&#x10D3;.: &#x10DA;&#x10D8;&#x10D0; &#x10D9;&#x10D0;&#x10ED;&#x10D0;&#x10E0;&#x10D0;&#x10D5;&#x10D0;].</subfield>
  </datafield>
  <datafield tag="264" ind1=" " ind2=" ">
    <subfield code="a">&#x10D7;&#x10D1;&#x10D8;&#x10DA;&#x10D8;&#x10E1;&#x10D8; :</subfield>
    <subfield code="b"> &#x10E1;&#x10DD;&#x10EA;&#x10D8;&#x10D0;&#x10DA;&#x10E3;&#x10E0; &#x10DB;&#x10D4;&#x10EA;&#x10DC;&#x10D8;&#x10D4;&#x10E0;&#x10D4;&#x10D1;&#x10D0;&#x10D7;&#x10D0; &#x10EA;&#x10D4;&#x10DC;&#x10E2;&#x10E0;&#x10D8;,</subfield>
    <subfield code="c">2006.</subfield>
  </datafield>
  <datafield tag="300" ind1=" " ind2=" ">
    <subfield code="a">94 &#x10D2;&#x10D5;. ; </subfield>
    <subfield code="b">29 &#x10E1;&#x10DB;.</subfield>
  </datafield>
  <datafield tag="440" ind1=" " ind2=" ">
    <subfield code="a">&#x10E1;&#x10DD;&#x10EA;&#x10D8;&#x10D0;&#x10DA;&#x10E3;&#x10E0; &#x10DB;&#x10D4;&#x10EA;&#x10DC;&#x10D8;&#x10D4;&#x10E0;&#x10D4;&#x10D1;&#x10D0;&#x10D7;&#x10D0; &#x10E1;&#x10D4;&#x10E0;&#x10D8;&#x10D0;</subfield>
    <subfield code="9">955</subfield>
  </datafield>
  <datafield tag="520" ind1=" " ind2=" ">
    <subfield code="a">	&#x10E0;&#x10D4;&#x10D6;. &#x10D8;&#x10DC;&#x10D2;&#x10DA;. &#x10D4;&#x10DC;.</subfield>
  </datafield>
  <datafield tag="653" ind1=" " ind2=" ">
    <subfield code="a">&#x10D4;&#x10D5;&#x10E0;&#x10DD;&#x10D9;&#x10D0;&#x10D5;&#x10E8;&#x10D8;&#x10E0;&#x10D8;.</subfield>
  </datafield>
  <datafield tag="653" ind1=" " ind2=" ">
    <subfield code="a">&#x10E1;&#x10D0;&#x10DB;&#x10D0;&#x10E0;&#x10D7;&#x10D0;&#x10DA;&#x10D8;</subfield>
  </datafield>
  <datafield tag="942" ind1=" " ind2=" ">
    <subfield code="2">udc</subfield>
    <subfield code="c">BK</subfield>
  </datafield>
  <datafield tag="952" ind1=" " ind2=" ">
    <subfield code="0">0</subfield>
    <subfield code="1">0</subfield>
    <subfield code="2">udc</subfield>
    <subfield code="4">0</subfield>
    <subfield code="6">34121740424_&#x10D9;24</subfield>
    <subfield code="7">0</subfield>
    <subfield code="9">92747</subfield>
    <subfield code="a">CPL</subfield>
    <subfield code="b">CPL</subfield>
    <subfield code="c">GEN</subfield>
    <subfield code="d">2022-10-24</subfield>
    <subfield code="g">6.00</subfield>
    <subfield code="o">341.217(4)(042.4) &#x10D9;-24</subfield>
    <subfield code="p">28753</subfield>
    <subfield code="r">2022-10-24</subfield>
    <subfield code="t">28753</subfield>
    <subfield code="w">2022-10-24</subfield>
    <subfield code="y">BK</subfield>
    <subfield code="z">6 &#x10DA;.</subfield>
  </datafield>
  <datafield tag="952" ind1=" " ind2=" ">
    <subfield code="0">0</subfield>
    <subfield code="1">0</subfield>
    <subfield code="2">udc</subfield>
    <subfield code="4">0</subfield>
    <subfield code="6">34121740424_&#x10D9;24</subfield>
    <subfield code="7">0</subfield>
    <subfield code="9">102090</subfield>
    <subfield code="a">CPL</subfield>
    <subfield code="b">CPL</subfield>
    <subfield code="c">GEN</subfield>
    <subfield code="d">2025-02-10</subfield>
    <subfield code="g">6.00</subfield>
    <subfield code="o">341.217(4)(042.4) &#x10D9;-24</subfield>
    <subfield code="p">70622</subfield>
    <subfield code="r">2025-02-10</subfield>
    <subfield code="t">70622</subfield>
    <subfield code="u">&#x10DC;&#x10D0;&#x10E9;&#x10E3;&#x10E5;&#x10D0;&#x10E0;&#x10D8;</subfield>
    <subfield code="w">2025-02-10</subfield>
    <subfield code="y">BK</subfield>
    <subfield code="z">6.00</subfield>
  </datafield>
</record>
